MDQL
is popping MORE tags! Check the
thread
!
Quizzes
Events
Quiz Creation
Community
Videos
Private Events
Remove Ads
Sign In
Join for FREE
Feedback
Dark Mode
Quiz Categories
Sports
Geography
Music
Movies
Television
Just For Fun
Miscellaneous
History
Literature
Language
Science
Gaming
Entertainment
Religion
Holiday
For Kids
Quiz Lab
Recent
Popular Today
Quiz Kudos Today
Editor Picks
Curator Picks
Quizzes by...
Day
Popularity
Type
Ratings
Length
Year
Community
Subscriptions
Recent Discussions
Orange Saloon
Badges
Playlists
Quests
Create
Leaderboards
Showdown
Live 5
Trivia Bingo
Activity
Puzzle Library
Sporcle Events
Private Events
Virtual Trivia
Globe League
Become a Host
Pub Owners
SporcleCon
Opinionation
Our Games
Videos
Blog
Mobile Apps
Partnerships
Remove Ads and Go Orange
Feedback
Sports
Athletes
MLB
NBA
NHL
NFL
Soccer
Sports Teams
WWE
NCAA
Football
Premier League
Basketball
Baseball
Hockey
Golf
Tennis
Cricket
Rugby
Auto Racing
Olympics
World Cup
Sports
Athletes
MLB
NBA
NHL
NFL
Soccer
Sports Teams
WWE
NCAA
Football
Premier League
Basketball
Baseball
Hockey
Golf
Tennis
Cricket
Rugby
Auto Racing
Olympics
World Cup
Random Quiz
Search Sporcle
×
Quiz Lab
Quiz Lab
Sports
recap
Type in answers that appear in a list
Type in answers that appear in a list
Classic
Best Score? Go Orange.
Cycling: Paris Nice 2012 Stats
Can you name the winners during Paris Nice 2012?
By
yellowelli
10m
50 Questions
201 Plays
201 Plays
201 Plays
Comments
Comments
Give Quiz Kudos
Give Quiz Kudos
-
- Ratings
hide this ad
Replay
Link that replays current quiz
Next Quiz
Link to next quiz in quiz playlist
You Got
0%
They Got
Avg Score
44%
Avg Friend Score
Upgrade to see
Score Distribution
Jump to the score distribution portion of the page
Score
0/50
Timer
10:00
0
Plays Today
% Correct
Bradley Wiggins
97.5%
Bradley Wiggins
97.5%
Bradley Wiggins
97.5%
Bradley Wiggins
97.5%
Alejandro Valverde
71.6%
Alejandro Valverde
71.6%
Alejandro Valverde
71.6%
Tom Boonen
67.2%
Lieuwe Westra
66.2%
Lieuwe Westra
66.2%
Lieuwe Westra
66.2%
Lieuwe Westra
66.2%
Luis Leon Sanchez
65.2%
Luis Leon Sanchez
65.2%
Sylvain Chavanel
64.2%
Thomas De Gendt
51.7%
Levi Leipheimer
51.2%
Levi Leipheimer
51.2%
Thomas DeGendt
46.8%
John Degenkolb
45.8%
John Degenkolb
45.8%
Simon Gerrans
44.8%
Gustav Larsson
38.3%
Thor Hushovd
38.3%
Tejay VanGarderen
37.3%
% Correct
Tejay Vangarderen
37.3%
Jean Christophe Peraud
36.8%
Jose Joaquín Rojas
35.3%
Gianni Meersman
34.3%
Gianni Meersman
34.3%
Jens Voigt
33.8%
Rein Taaramae
32.3%
Simon Spilak
29.9%
Simon Spilak
29.9%
Simon Spilak
29.9%
Jerome Coppel
29.4%
Heinrich Haussler
28.9%
Maxime Monfort
24.4%
Arnold Jeannesson
21.9%
Grega Bole
20.4%
Grega Bole
20.4%
Elia Viviani
19.9%
Robert Kiserlovski
18.9%
Greg Henderson
17.9%
Angel Vicioso
15.4%
Francesco Gavazzi
14.9%
Xavier Florencio
13.4%
Xavier Florencio
13.4%
Jonathan Hivert
13.4%
Sep Vanmarcke
12.9%
Quiz Playlist
Details
Report
Send in Message
Add To Playlist
Classic:
Type in answers that appear in a list
Last Updated: Feb 16, 2017
Quiz Scoreboard
CHALLENGE
Sign Up to Join the Scoreboard
Show All
Scores
Hide
Comments
May contain spoilers
Recently Published
5x2 Blitz: Bands
by SL_Kpop136
Music
30s
Colored Red Africa Blitz
by spor1
Geography
30s
Find the 'City' Movie
by crazypaving
Movies
60s
More to Explore
Quiz From the Vault
Featured Blog Post
14 Easter Pick-up Lines to Find Eggs With
hide this ad
You Might Also Like...
Tags
2012
Cycling
Cyclist
paris
paris-nice
race
recap
sun
Today's Top Quizzes in Sports
Browse Sports
hide this ad
Top Contributed Quizzes in Sports
1
Players with Multiple 50 Home Run Seasons
2
Les entraîneurs de l'OM et du PSG au 21e siècle
3
Criteria MLB: Left Handed Sluggers
4
2022 World Cup Stars
5
Les meilleurs buteurs des matchs entre le PSG et l’OM
6
Who Hit More Homers?
7
Les joueurs passés par le PSG et l'OM
8
NBA Logic Puzzle 2.0
9
Top 10 NHL Goal Scorers of All Time
10
MLB Players with Two .350 Batting Average Seasons
Explore More
Trending Topics
Kpop
Harry Potter
Disney
Anime
NBA
Marvel
Crossword
WWE
The Office
NFL
Pokémon
Puzzle
Song
Country
Soccer
hide this ad
More By:
yellowelli
Quiz
Plays
Rating
Category
Featured
Created
Cycling: World Time Trial Champions
1,308
5.00
Sports
Mar 14, 2012
Tour de France 2012 start list
602
5.00
Sports
Jun 26, 2012
Cycling: Grand Tour Stage Winners 2012
430
Sports
Sep 9, 2012
Harry Potter - more than 3 legs
279
4.25
Literature
Mar 3, 2011
Cycling: Paris Nice 2012
201
4.00
Sports
Mar 11, 2012
Go to Creator's Profile
Score Distribution
Quiz Creator Spotlight
yellowelli
Follow
Send a Message
Quizzes Created
-
Created Quiz Play Count
-
More By This Creator
Popular Quizzes Today
1
Colored Red Africa Blitz
2
Find the 'City' Movie
3
Find the US States - No Outlines Minefield
4
5x2 Blitz: Bands
5
The Countries of the World
6
Find the US States
7
US States
8
9x9 Crossword: Cartoon Network
More Sports Quizzes
AFL Teams With No Premierships
Quiz Lab
Trending Quizzes
Colored Red Europe Blitz I
Colored Red Europe Blitz II
Colored Red Africa Blitz II
Colored Red Europe Blitz III
Colored Red Africa Blitz III
Recently Updated
How Do You Spell That?
pecheneg
Godzilla Movies
pecheneg
Grab Bag: 4-10 Letters
pecheneg
2024 March Madness Bracket
pecheneg
Famous TV Couples
Peacemaker
Champions League XIs: Real Madrid
pecheneg
Largest US Cities 1790-2010
pecheneg
Rides in Walt Disney World
pecheneg
Most Oscar Losses (Acting)
pecheneg
Beyoncé Albums
pecheneg
Trending Topics
Harry Potter
NBA
Kpop
Anime
Disney
Marvel
Crossword
NFL
Song
Soccer
WWE
The Office
Country
Pokémon
Puzzle
Your Account Isn't Verified!
In order to create a playlist on Sporcle, you need to verify the email address you used during registration. Go to your
Sporcle Settings
to finish the process.
Report this User
Report this user for behavior that violates our
Community Guidelines
.
Details:
Send Report
Go to the Sporcle.com Mobile Site →
Comments